000 01117cam a22002771i 4500
003 SA_RiAUC
005 20250705120542.0
008 250704q19001999ua g 000 0 ara c
020 _z977192341
040 _aSA-JeALM
_bara
_cSA-RiAUC
_erda
043 _aa-su---
082 0 4 _a215.1
090 _a215.1
_bع ب د
100 1 _aعبد المعطي، فتحي فوزي
_eمؤلف.
245 1 2 _aالكعبة والمسجد الحرام من عهد إبراهيم عليه السلام إلى الآن /
_cتأليف فتحي فوزي عبد المعطي.
264 1 _aالمنصورة، مصر :
_bدار سنابل للنشر والتوزيع،
_c1996
300 _a187 صفحة ؛
_c21 سم
336 _aنص
_btxt
_2rdacontent
_3كتاب
337 _aبدون وسيط
_bn
_2rdamedia
338 _aمجلد
_bnc
_2rdacarrier
610 2 7 _aالمسجد الحرام
_xتاريخ
_2aucnm
650 7 _aالكعبة
_xتاريخ
_2aucsh
650 7 _aالأماكن المقدسة الإسلامية
_zالسعودية
_xتاريخ
_2aucsh
942 _2ddc
_cBOOK
_n0
949 _aSA-JeALM
_d250704
_umohamedma123
_n1
999 _c9481
_d9481